CUDA: application design and development

Saved in:
Bibliographic Details
Main Author: Farber, Rob (Author)
Format: Book
Language:English
Published: Waltham Elsevier 2011
Edition:1a. ed
Subjects:
Tags: Add Tag
No Tags, Be the first to tag this record!

MARC

LEADER 00000cam a2200000 a 4500
001 UCE9251
003 CL-VaPUC
008 151016e20110000us |||||||||||||||||eng|d
020 |a 9780123884268 
082 0 4 |a 005.275  |b FAR  |2 21 
100 0 |a Farber, Rob  |e author  |9 582022 
245 1 0 |a CUDA: application design and development 
250 |a 1a. ed 
300 |a 315 p 
942 |c BK 
945 |d 20151016 11:49:00  |a cmena 
260 |a Waltham  |b Elsevier  |c 2011 
650 0 |a Desarrollo de software  |9 464463 
650 7 |a PROGRAMACION PARALELA  |2 CL-VaPUC  |9 384789 
650 0 |a Aplicación de computadores  |9 485595 
650 0 |a Software  |9 387312 
583 |a last modification  |c 20151016 11:49:00  |k Rodrigo Vera 
999 |c 360921  |d 360919 
952 |0 0  |1 0  |3 erb  |4 0  |6 005_275000000000000_FAR_2011  |7 0  |8 A  |9 471201  |a BIBMAT  |b BIBMAT  |i 5243483  |o 005.275 FAR 2011  |p 5243483  |r 2025-01-07  |w 2019-11-24  |y BK  |z Catalogado en:20151016  |k MAT